00482nam a2200157Ia 4500001001000000003000500010008004100015010001100056040000900067100002100076245009300097260005200190300001000242440003900252650003300291Para_4881CHAP220125s1910 xx 000 0 und d a203322 cCHAP aWilliams, John O aInformation concerning the Colorado Larriage Horse Breedin Station /c John O. Williams aFort Collins :b Colorado Agricultural College a12 p. aColorado Agr. Exp. Sta. Bull.; 166 aGanado caballar x cría de